Science Quiz

Random Science Quiz

Factors of 30,000 Quiz Stats

 Plays Quiz not verified by Sporcle

Challenge
Share
Tweet
Embed
Score 0/50 Timer 02:00
0 Plays Today
% Correct
1
100%
2
100%
3
97.6%
4
97.6%
5
97.6%
6
95.1%
8
95.1%
10
95.1%
12
92.7%
15
92.7%
20
92.7%
24
92.7%
25
92.7%
30
92.7%
50
90.2%
60
90.2%
100
87.8%
150
87.8%
300
87.8%
1500
87.8%
3000
87.8%
15000
87.8%
1000
87.8%
16
85.4%
40
85.4%
% Correct
600
85.4%
30000
85.4%
80
82.9%
500
82.9%
75
80.5%
200
80.5%
10000
80.5%
400
75.6%
750
75.6%
6000
75.6%
120
73.2%
2000
73.2%
5000
73.2%
250
70.7%
48
65.9%
125
65.9%
1200
63.4%
240
58.5%
2500
58.5%
1250
56.1%
375
46.3%
625
36.6%
3750
36.6%
75000
36.6%
1875
26.8%

You're not logged in!

Compare scores with friends on all Sporcle quizzes.
Join for Free
OR
Log In

You Might Also Like...

Show Comments

Extras

Created May 1, 2016ReportNominate
Tags:30 000, factor, minute

Top Quizzes Today


Score Distribution

Your Account Isn't Verified!

In order to create a playlist on Sporcle, you need to verify the email address you used during registration. Go to your Sporcle Settings to finish the process.

Report this User

Report this user for behavior that violates our Community Guidelines.

Details: